Nové prístupy v starostlivosti o starších ľudí

Guardado en:
Detalles Bibliográficos
Autor principal: Bodnárová, Bernardína
Formato: Libro
Lenguaje:eslovaco
Publicado: Bratislava Prognostický ústav SAV 2002
Colección:Pracovné materiály č. 10
Materias:
Etiquetas: Agregar Etiqueta
Sin Etiquetas, Sea el primero en etiquetar este registro!

MARC

LEADER 00000nam$a2200000$$$4500
001 0024539
005 20240313135401.9
022 |a 0862-9137 
041 0 |a slo 
044 |a SK 
245 1 0 |a Nové prístupy v starostlivosti o starších ľudí  |c Bernardína Bodnárová 
264 1 |a Bratislava  |b Prognostický ústav SAV  |c 2002 
300 |a 31 s. 
490 1 |a Pracovné materiály  |v č. 10 
830 0 |a Pracovné materiály  |v č. 10 
610 2 0 |a vek postproduktívny 
610 2 0 |a pomoc sociálna 
610 2 0 |a rodina 
610 2 0 |a dôchodcovia 
610 2 0 |a zabezpečenie sociálne 
610 2 0 |a starostlivosť zdravotná 
610 2 0 |a politika finančná 
610 2 0 |a Slovensko 
100 1 |a Bodnárová, Bernardína